Super Smash Bros. Fighters #15 - The Ice Climbers Quiz - Statistics

General Stats
  • This quiz has been taken 163 times
  • The average score is 8 of 14
Answer Stats
Hint Answer % Correct
What tool do the ice climbers use for both ice climbing and fighting? Hammer
94%
Name one of the vegetables that you have to recover in the original Ice Climber game: Eggplant, Carrot...
92%
Who are the two ice climbers? Nana
90%
What console was Ice Climber a launch title for? NES
90%
Who are the two ice climbers? Popo
90%
What year did the original Ice Climber game release? 1985
87%
This sunglasses-wearing bear likes to stomp around and be a nuisance. Polar Bear
58%
What type of bird stole these vegetables? Condor
55%
How many mountains are in the original Ice Climber game? 32
48%
What is the name of the Ice Climber stage in Super Smash Bros. Brawl? Summit
45%
What is the name of the Ice Climber stage in Super Smash Bros. Melee? Icicle Mountain
44%
Depending on where you live, this enemy is either a yeti or a seal. Topi
10%
Ice Climber is Mauno Koivisto’s favourite game. Which country was he the president of? Finland
9%
This red bird from Ice Climber can also be found in causing trouble in Donkey Kong Jr. Nitpicker
5%
No matching quizzes found
Score Distribution
Percent of People with Each Score
Percentile by Number Answered
Your Score History
You have not taken this quiz